महाराणी एलिझाबेथ / (Record no. 67977)

MARC details
000 -LEADER
fixed length control field 00942nam a22002177a 4500
005 - DATE AND TIME OF LATEST TRANSACTION
control field 20120614170415.0
008 - FIXED-LENGTH DATA ELEMENTS--GENERAL INFORMATION
fixed length control field 081007t xxu||||| |||| 00| 0 mar
010 ## - LCCN (DPL NO)
LC control number MAR-22206
020 ## - INTERNATIONAL STANDARD BOOK NUMBER
Terms of availability 120.00
035 ## - SYSTEM CONTROL NUMBER
System control number MR-14864
037 ## - SOURCE OF ACQUISITION
Source of stock number/acquisition D.B.Act /pub
082 ## - DEWEY DECIMAL CLASSIFICATION NUMBER
Classification number 920
100 ## - MAIN ENTRY--PERSONAL NAME
Personal name काळे, भा.ना.
9 (RLIN) 49115
245 ## - TITLE STATEMENT
Title महाराणी एलिझाबेथ /
Statement of responsibility, etc भा.ना.काळे
246 ## - VARYING FORM OF TITLE
Title proper/short title Maharani Elizabeth
Remainder of title by B.N.Kale
260 ## - PUBLICATION, DISTRIBUTION, ETC. (IMPRINT)
Place of publication, distribution, etc नागपूर
Name of publisher, distributor, etc ज्ञानेश प्रकाशन
Date of publication, distribution, etc 2012
270 ## - ADDRESS
Address 6,नवनिर्माण सोसायटी,प्रतापनगर
City नागपूर
Postal code 440022
300 ## - PHYSICAL DESCRIPTION
Extent 112पृ
Dimensions 22सेमी (अजिल्द)
942 ## - ADDED ENTRY ELEMENTS (KOHA)
Source of classification or shelving scheme Dewey Decimal Classification
Item type Marathi Books
Call number suffix काळेभा
Classification part 920
Holdings
Withdrawn status Lost status Source of classification or shelving scheme Damaged status Not for loan Collection code Home library Current library Date acquired Source of acquisition Cost, normal purchase price Total Checkouts Full call number Barcode Date last seen Copy number Cost, replacement price Koha item type
    Dewey Decimal Classification   Not For Loan Non-fiction D.B.Act.Division D.B.Act.Division 15/06/2012 DBAD / PUB 120.00   920 काळेभा MR-14864 15/06/2012 1 120.00 Marathi Books

© Delhi Public Library
Hit Counter
free hit counter